2013-2014 Seattle Seahawks - Statistics

General Stats
  • This quiz has been taken 1,375 times
  • The average score is 20 of 53
Answer Stats
# Pos Answer % Correct
82 TE Luke Wilson
99%
3 QB Russell Wilson
99%
25 CB Richard Sherman
91%
24 RB Marshawn Lynch
88%
29 FS Earl Thomas
83%
31 SS Kam Chancellor
80%
89 WR Doug Baldwin
79%
54 LB Bobby Wagner
75%
15 WR Jermaine Kearse
65%
53 LB Malcolm Smith
62%
11 WR Percy Harvin
60%
9 P Jon Ryan
57%
72 DE Michael Bennett
57%
7 QB Tarvaris Jackson
55%
81 WR Golden Tate
54%
4 K Steven Hauschka
51%
56 DE Cliff Avril
50%
50 LB K.J. Wright
50%
41 CB Byron Maxwell
48%
51 DE Bruce Irvin
44%
60 C Max Unger
44%
22 RB Robert Turbin
41%
20 CB Jeremy Lane
40%
83 WR Ricardo Lockette
37%
76 T Russell Okung
33%
86 TE Zach Miller
33%
92 DT Brandon Mebane
29%
26 FB Michael Robinson
29%
40 RB Derrick Coleman
27%
33 RD Christine Michael
25%
64 G J.R. Sweezy
23%
79 DE Red Bryant
23%
28 CB Walter Thurmond
23%
91 DE Chris Clemons
22%
35 DB DeShawn Shead
22%
77 G James Carpenter
21%
68 T Breno Giacomini
15%
99 DT Tony McDaniel
15%
49 LS Clint Gresham
14%
42 FS Chris Maragos
13%
69 DT Clinton McDonald
13%
19 WR Bryan Walters
12%
97 DT Jordan Hill
12%
57 LB Mike Morgan
12%
78 T Alvin Bailey
11%
55 LB Heath Farwell
11%
87 TE Kellen Davis
10%
61 G/C Lemuel Jeanpierre
9%
93 LB O'Brien Schofield
9%
67 G/T Paul McQuistan
9%
73 OT Michael Bowie
7%
95 DE Benson Mayowa
6%
74 OT Caylin Hauptmann
4%
No matching quizzes found
Score Distribution
Percent of People with Each Score
Percentile by Number Answered
Your Score History
You have not taken this quiz